Panamá /
Análisis histórico y actual de Panamá, parte de dos aspectos básicos que rigen a la sociedad panameña: a- se encuentra ocupada por una potencia extranjera y b- la militarización de sus instituciones, los cuales han impedido el desarrollo de un régimen democrático. También estudia las diferentes fo...
Uloženo v:
| Hlavní autor: | |
|---|---|
| Korporativní autor: | |
| Médium: | Neznámo |
| Jazyk: | Spanish |
| Vydáno: |
Panamá:
Confederación Universitaria Centroamericana Universidad de San Carlos de Guatemala; CSUCA
1989
|
| Témata: | |
| Tagy: |
Přidat tag
Žádné tagy, Buďte první, kdo vytvoří štítek k tomuto záznamu!
|
MARC
| LEADER | 00000 a2200000 04500 | ||
|---|---|---|---|
| 003 | cru CIDCACS/IIS | ||
| 005 | 20200731062542.0 | ||
| 008 | 250320s1989 pn |||||r|||||| | ||spa|d | ||
| 999 | |c 43020 |d 43020 | ||
| 040 | |c cru CIDCACS/IIS | ||
| 090 | |a 10079.00 | ||
| 100 | 1 | |a Gandásegui, Marco A., |c hijo |d 1943-2020 |9 320 | |
| 245 | 1 | |a Panamá / |c Marco A. Gandásegui H. | |
| 246 | |a Proyecto Modalidades de los procesos de democratización en Centroamérica | ||
| 260 | |a Panamá: |b Confederación Universitaria Centroamericana Universidad de San Carlos de Guatemala; |b CSUCA |c 1989 | ||
| 300 | |a 149 páginas | ||
| 520 | |a Análisis histórico y actual de Panamá, parte de dos aspectos básicos que rigen a la sociedad panameña: a- se encuentra ocupada por una potencia extranjera y b- la militarización de sus instituciones, los cuales han impedido el desarrollo de un régimen democrático. También estudia las diferentes formas de expresión del poder: la burguesía, los partidos políticos y sobre todo los militares que han sido los ejes de la realidad política y social del país a lo largo del siglo. Explica además, las diferentes crisis de los modelos implementados, la expansión capitalista y el populismo militar. Se analizan los aspectos tratados pero también se explican las causas de esa realidad para concluir que la solución a la crisis se relaciona directamente con el fortalecimiento de las estructuras nacionales. MR/JM | ||
| 650 | 0 | |9 83 |a DEMOCRACIA | |
| 650 | 0 | |9 625 |a HISTORIA SOCIAL | |
| 650 | 4 | |9 2596 |a POLITICA NACIONAL | |
| 650 | 0 | |9 413 |a PARTIDOS POLITICOS | |
| 650 | 4 | |9 1934 |a MILITARISMO | |
| 650 | 4 | |9 1924 |a IMPERIALISMO | |
| 650 | 4 | |9 1938 |a AGRESION | |
| 650 | 0 | |9 70 |a FUERZAS ARMADAS | |
| 710 | |a Noruega. Ministerio de Cooperación para el Desarrollo | ||
| 942 | |2 ddc |c LI | ||
